| 000 | 00531nam a2200169 4500 | ||
|---|---|---|---|
| 001 | 120344 | ||
| 003 | ES-MaACL | ||
| 005 | 20240418123151.0 | ||
| 007 | t| | ||
| 008 | 070214s1960 sp r ||||1| spa d | ||
| 245 | 0 | 0 |
_aPoesía taurina contemporánea _b: (antología) / _cselección, prólogo, y notas de Rafael Montesinos [et. al.]. |
| 260 |
_aBarcelona : _bR.M., _c1960. |
||
| 300 |
_a145 p. ; _c22 cm. |
||
| 700 | 1 |
_aMontesinos, Rafael, _d1920-2005 _982600 |
|
| 852 |
_aES-MaACL _jC-19922 _bR.47778 |
||
| 999 |
_c120344 _d120344 |
||